Score 0/18 Timer 02:00
4 Plays Today
% Correct
Wile E. Coyote
94.8%
Tom
91.8%
Optimus Prime
89.4%
Mr. Krabs
88.8%
Yogi Bear
86.6%
He-Man
79.3%
Popeye
78.8%
Splinter
73.7%
Bullwinkle
64.5%
% Correct
Dudley Do-Right
56%
Timmy Turner
54.3%
Perry the Platypus
52.8%
Ash Ketchum
50.1%
Aang
49.4%
Goku
43.8%
Top Cat
41.6%
Pink Panther
34.9%
Dexter
34%
Remove Ads.
Support Sporcle.
Get the best of Sporcle when you Go Orange. This ad-free experience offers more features, more stats, and more fun while also helping to support Sporcle. Thank you for becoming a member.

You're not logged in!

Compare scores with friends on all Sporcle quizzes.
OR
Log In

Show Comments

Extras

Top Quizzes Today


Score Distribution

Your Account Isn't Verified!

In order to create a playlist on Sporcle, you need to verify the email address you used during registration. Go to your Sporcle Settings to finish the process.

Report this User

Report this user for behavior that violates our Community Guidelines.

Details: